| 000 | 02682nam a22004338i 4500 | ||
|---|---|---|---|
| 001 | BDZ0048915903 | ||
| 003 | StDuBDS | ||
| 005 | 20230206132640.0 | ||
| 006 | m|||||o||d|||||||| | ||
| 007 | cr ||||||||||| | ||
| 008 | 230206s2021 enka fob 001|0|eng|d | ||
| 020 |
_a9781000505801 (PDF ebook) : _c45.99 |
||
| 040 | _aStDuBDS | ||
| 082 | 0 | 4 | _a333.33820941 |
| 100 | 1 |
_aRispin, Chris, _eauthor. |
|
| 245 | 1 | 0 |
_aResidential property appraisal. _nVolume 1, _pValuation and law _h[electronic resource] / _cChris Rispin, Fiona Haggett, Carrie de Silva, Phil Parnham, Larry Russen. |
| 250 | _aSecond edition. | ||
| 264 | 1 |
_aLondon : _bRoutledge, _c2021. |
|
| 300 |
_a1 online resource (184 pages) : _billustrations (black and white) |
||
| 336 |
_atext _2rdacontent |
||
| 336 |
_astill image _2rdacontent |
||
| 337 |
_acomputer _2rdamedia |
||
| 338 |
_aonline resource _2rdacarrier |
||
| 504 | _aIncludes bibliographical references and index. | ||
| 505 | 0 | _a1. Introduction 2. Overview of the Valuation of Residential Property 3. The Economics of Property Valuation 4. Law for Valuers - An Overview 5. Law for Valuers - Land, Contract and Tort 6. The Mortgage Valuation 7. RICS Red Book and Regulation 8. The Valuation Process 9. Reporting on Condition and Value for a Residential Mortgage 10. Alternative Valuation Methods and Approaches 11. Additional Legal Matters 12. Valuing in the UK - The Future and Conclusion | |
| 520 | 8 | _aTakes the reader step by step through the process of completing a survey and valuation on a residential property Addresses the basic skills required for valuation, the risks posed, key drivers of value, emerging issues, and key legal and RICS regulatory considerations There is no other book particularly addressed to this target market of residential surveyors appraising and surveying for lending purposes. i.e. for banks/mortgages Essential for students studying to enter the residential survey and valuation profession and for existing practitioners who wish to improve their knowledge of industry practices. | |
| 588 | _aDescription based on CIP data; resource not viewed. | ||
| 650 | 0 |
_aResidential real estate _xValuation _zGreat Britain. |
|
| 650 | 7 | _aEconomics. | |
| 650 | 7 | _aEBOOK | |
| 650 | 7 | _aRESIDENTIAL PROPERTY | |
| 690 |
_96273 _aValuation |
||
| 700 | 1 |
_aHaggett, Fiona, _eauthor. |
|
| 700 | 1 |
_aDe Silva, Carrie, _eauthor. |
|
| 700 | 1 |
_aParnham, Phil, _eauthor. |
|
| 700 | 1 |
_aRussen, Larry, _eauthor. |
|
| 776 | 0 | 8 |
_iPrint version : _z9780367419615 |
| 856 | 4 | 0 |
_uhttps://www.vlebooks.com/vleweb/product/openreader?id=RICS&accId=9491556&isbn=9781000505801 _zView on VLEbooks. Logins for members only from [email protected] |
| 999 |
_c121365 _d121365 |
||